ბათუმის შოთა რუსთაველის სახელმწიფო უნივერსიტეტის ბიბლიოთეკა

თანამედროვე ეკონომიკის ენციკლოპედიური ლექსიკონი (ბიბ.ჩანაწერი № 51321)

000 -LEADER
fixed length control field 01013nam a2200241Ia 4500
001 - CONTROL NUMBER
control field 18290
003 - CONTROL NUMBER IDENTIFIER
control field GE_BSU
008 - FIXED-LENGTH DATA ELEMENTS--GENERAL INFORMATION
fixed length control field 181216s||||||||xx |||||||||||||| ||und||
020 ## - INTERNATIONAL STANDARD BOOK NUMBER
International Standard Book Number 978-9941-9134-0-2
040 ## - CATALOGING SOURCE
Transcribing agency GE_BSU
080 ## - UNIVERSAL DECIMAL CLASSIFICATION NUMBER
Universal Decimal Classification number 33(031)+33(038)
100 ## - MAIN ENTRY--PERSONAL NAME
Personal name ასათიანი, როზეტა
245 ## - TITLE STATEMENT
Title თანამედროვე ეკონომიკის ენციკლოპედიური ლექსიკონი
245 ## - TITLE STATEMENT
Statement of responsibility, etc. სარედ. კოლ.: ვლადიმერ პაპავა, სილაგაძე ა., ჭითანავა ნ. ჯიბუტი მ. და სხვ.
260 ## - PUBLICATION, DISTRIBUTION, ETC.
Place of publication, distribution, etc. თბილისი
260 ## - PUBLICATION, DISTRIBUTION, ETC.
Name of publisher, distributor, etc. სიახლე
260 ## - PUBLICATION, DISTRIBUTION, ETC.
Date of publication, distribution, etc. 2012
300 ## - PHYSICAL DESCRIPTION
Extent 515 გვ. ; 22 სმ
653 ## - INDEX TERM--UNCONTROLLED
Uncontrolled term ეკონომიკა
653 ## - INDEX TERM--UNCONTROLLED
Uncontrolled term თანამედროვე ეკონომიკის ენციკლოპედიური ლექსიკონი
942 ## - ADDED ENTRY ELEMENTS (KOHA)
Koha item type წიგნი
ეგზემპლარები
Withdrawn status Lost status Damaged status Not for loan Date acquired Barcode Date last seen Price effective from Koha item type
        2018-12-17 46628 2018-12-17 2018-12-17 წიგნი
        2018-12-17 46629 2018-12-17 2018-12-17 წიგნი